INTRODUCTION TO FUZZY LOGIC (Record no. 216587)

MARC details
000 -LEADER
fixed length control field 00414nam a22001577a 4500
008 - FIXED-LENGTH DATA ELEMENTS--GENERAL INFORMATION
fixed length control field 260218b |||||||| |||| 00| 0 eng d
020 ## - INTERNATIONAL STANDARD BOOK NUMBER
International Standard Book Number 978-81-203-4699-4
050 ## - LIBRARY OF CONGRESS CALL NUMBER
Classification number QA 9.64.S55 2013
100 ## - MAIN ENTRY--PERSONAL NAME
Personal name SHINGHAL RAJJAN
245 ## - TITLE STATEMENT
Title INTRODUCTION TO FUZZY LOGIC
260 ## - PUBLICATION, DISTRIBUTION, ETC.
Place of publication, distribution, etc. DELHI
Name of publisher, distributor, etc. PH LEARNING PRIVATE LIMITED
300 ## - PHYSICAL DESCRIPTION
Extent X,127
500 ## - GENERAL NOTE
General note INCLUDES AN INDEX
942 ## - ADDED ENTRY ELEMENTS (KOHA)
Source of classification or shelving scheme Library of Congress Classification
Koha item type Long Loan Book
Holdings
Withdrawn status Lost status Source of classification or shelving scheme Damaged status Not for loan Collection Home library Current library Shelving location Date acquired Inventory number Total checkouts Full call number Barcode Date last seen Copy number Price effective from Koha item type
    Library of Congress Classification     Science & Technology Kisii University Library Kisii University Library On Display 02/18/2026 111411   QA 9.64.S55 2013 000000006269 02/18/2026 C.1 02/18/2026 Long Loan Book
    Library of Congress Classification     Science & Technology Kisii University Library Kisii University Library On Display 02/18/2026 111412   QA 9.64.S55 2013 000000006268 02/18/2026 C.2 02/18/2026 Long Loan Book
    Library of Congress Classification     Science & Technology Kisii University Library Kisii University Library On Display 02/18/2026 111413   QA 9.64.S55 2013 000000006267 02/18/2026 C.3 02/18/2026 Long Loan Book
    Library of Congress Classification     Science & Technology Kisii University Library Kisii University Library On Display 02/18/2026 111414   QA 9.64.S55 2013 000000018267 02/18/2026 C.4 02/18/2026 Long Loan Book